Сквозь тернии

Détails bibliographiques
Auteur principal: Ильин И. Р. Игорь Ростиславович
Collectivité auteur: Академия наук СССР Всесоюзное общество почвоведов
Autres auteurs: Крупеников И. А. (редактор)
Résumé:Книга посвящена жизни и научной деятельности выдающегося советского ученого-натуралиста Р.С.Ильина, изучавшего почвы, происхождение дёссов, геологию, геоморфологию и географию Западной Сибири, давшего научно обоснованный прогноз ее нефтеносности, показавшего роль почвообразовательного процесса в сохранении и накоплении солнечной энергии, в образовании торфа, каменного угля и нефти, в развитии жизни на Земле. Творческая деятельность Р.С.Ильина не прекращалась в тюрьмах и ссылках. Будучи оторванным от научных центров, обладая глубокими познаниями, с чувством собственного достоинства он на равных полемизировал с В.И.Вернадским, Л.И.Прасоловым и другими крупными учеными. Для широкого круга читателей, интересующихся историей науки, в первую очередь для почвоведов, географов, геологов, геоморфологов.
Langue:russe
Publié: Кишинев, Штиинца, 1990
Sujets:
Format: Livre
KOHA link:https://koha.lib.tpu.ru/cgi-bin/koha/opac-detail.pl?biblionumber=341818

MARC

LEADER 00000nam0a2200000 4500
001 341818
005 20231102005404.0
010 |a 5376011437 
035 |a (RuTPU)RU\TPU\book\370102 
090 |a 341818 
100 |a 20181025d1990 km y0rusy50 ca 
101 0 |a rus 
102 |a MD 
105 |a y z 001zy 
200 1 |a Сквозь тернии  |f И. Р. Ильин  |g Всесоюзное общество почвоведов ; под ред. И. А. Крупеникова 
210 |a Кишинев  |c Штиинца  |d 1990 
215 |a 129 с. 
320 |a Указ.: с. 101-128 
330 |a Книга посвящена жизни и научной деятельности выдающегося советского ученого-натуралиста Р.С.Ильина, изучавшего почвы, происхождение дёссов, геологию, геоморфологию и географию Западной Сибири, давшего научно обоснованный прогноз ее нефтеносности, показавшего роль почвообразовательного процесса в сохранении и накоплении солнечной энергии, в образовании торфа, каменного угля и нефти, в развитии жизни на Земле. Творческая деятельность Р.С.Ильина не прекращалась в тюрьмах и ссылках. Будучи оторванным от научных центров, обладая глубокими познаниями, с чувством собственного достоинства он на равных полемизировал с В.И.Вернадским, Л.И.Прасоловым и другими крупными учеными. Для широкого круга читателей, интересующихся историей науки, в первую очередь для почвоведов, географов, геологов, геоморфологов. 
600 1 |a Ильин  |g Ростислав Сергеевич  |c российский геолог  |c почвовед  |c преподаватель Томского государственного университета  |y Томск  |f 1891-1937  |b Р. С.  |2 stltpush  |3 (RuTPU)RU\TPU\pers\193 
606 1 |a Геологи  |x Персоналии  |2 stltpush  |3 (RuTPU)RU\TPU\subj\67544  |9 83301 
610 1 |a Сибирь 
610 1 |a геология 
610 1 |a почвоведение 
610 1 |a история 
610 1 |a биографии 
675 |a 55(092)  |v 4 
700 1 |a Ильин  |b И. Р.  |g Игорь Ростиславович 
702 1 |a Крупеников  |b И. А.  |4 340 
712 0 2 |a Академия наук СССР  |b Всесоюзное общество почвоведов  |c (Москва)  |c (1938-1991)  |2 stltpush  |3 (RuTPU)RU\TPU\col\24698  |9 28448 
801 1 |a RU  |b 63413507  |c 20181025 
801 2 |a RU  |b 63413507  |c 20190701  |g RCR 
942 |c BK